市制制定時に成立した市 - Statistics

General Stats
  • This quiz has been taken 862 times
  • The average score is 29 of 31
Answer Stats
地方区分 % Correct
東北地方 仙台市
98%
東北地方 盛岡市
97%
東北地方 山形市
97%
東北地方 秋田市
96%
関東地方 横浜市
96%
北陸地方 新潟市
96%
北陸地方 富山市
96%
北陸地方 金沢市
96%
近畿地方 京都市
96%
近畿地方 大阪市
96%
近畿地方 神戸市
96%
中国地方 広島市
96%
北陸地方 福井市
95%
東海地方 静岡市
95%
九州地方 福岡市
95%
九州地方 長崎市
94%
九州地方 熊本市
94%
九州地方 鹿児島市
94%
東北地方 弘前市
93%
四国地方 高知市
93%
中国地方 赤間関市 (現 下関市)
92%
九州地方 佐賀市
92%
近畿地方 堺市
90%
近畿地方 姫路市
90%
近畿地方 和歌山市
89%
中国地方 松江市
89%
北陸地方 高岡市
86%
関東地方 水戸市
84%
九州地方 久留米市
84%
東海地方 津市
83%
東北地方 米沢市
71%
No matching quizzes found
Score Distribution
Percent of People with Each Score
Percentile by Number Answered
Your Score History
You have not taken this quiz